Κατάλογος Βιβλιοθηκών Mediterranean College

Accounting / An Introduction to the Principles of Accounting: Second Edition (Record no. 540)

MARC details
000 -LEADER
fixed length control field 01540cam a22002174a 4500
005 - ΗΜΕΡΟΜΗΝΙΑ ΚΑΙ ΩΡΑ ΤΕΛΕΥΤΑΙΑΣ ΕΝΗΜΕΡΩΣΗΣ
Πεδίο ελέγχου 20250605163938.0
008 - FIXED-LENGTH DATA ELEMENTS--GENERAL INFORMATION
Πεδίο ελέγχου σταθερού μήκους 250528s ||||||||||||||||||||||||d
035 ## - SYSTEM CONTROL NUMBER
System control number 14930
020 ## - ISBN
ISBN 1872962289
040 ## - ΠΗΓΗ ΚΑΤΑΛΟΓΟΓΡΑΦΗΣΗΣ
Φορέας πρωτότυπης καταλογογράφησης MC Athens Campus Library
Γλώσσα καταλογογράφησης Ελληνικά, Μοντέρνα (1453-)
Modifying agency MC Athens Campus Library
Κανόνες περιγραφικής καταλογογράφησης AACR2
245 1# - ΤΙΤΛΟΣ ΚΑΙ ΔΗΛΩΣΗ ΥΠΕΥΘΥΝΟΤΗΤΑΣ
Τίτλος Accounting / An Introduction to the Principles of Accounting: Second Edition
250 ## - EDITION STATEMENT
Edition statement 2nd
260 ## - PUBLICATION, DISTRIBUTION, ETC.
Name of publisher, distributor, etc. Osborne Business,
Date of publication, distribution, etc. 1998
300 ## - PHYSICAL DESCRIPTION
Extent 254
520 ## - SUMMARY, ETC.
Summary, etc. This book is an introduction to the principles of financial, cost and management accounting. Accounting Records, Introduction: Accounts and Accountants, Double Entry Book-Keeping, Balancing the Books; The Trial Balance, The Books of the Business, Computer Accounting Systems, Accounting Statements, Sole Trader Final Accounts, Adjustments to the Final Accounts, Incomplete Records, Parthnership Accounts, Limited Company Accounts, Cash Flow Statements, Published Accounts of Limited Companies, Cost and Management Accounting, Cost Accounting and Manufacturing Accounts, Accounting for Materials and Labor, Overhead Costs, Job Costing and Process Costing, Standard Costing and Variance Analysis, Budgets and Budgetary Control, Cash Budgets and Forecast Final Accounts, Working Capital Management, Further Aspects of Working Capital, Presentation and Analysis of Accounting Information, Accounting Ratios, Statistical Techniques and Accounting Data, Statistical Forecasting Techniques, Index.
700 1# - ΠΡΟΣΘΕΤΗ ΑΝΑΓΡΑΦΗ--ΦΥΣΙΚΟ ΠΡΟΣΩΠΟ
Personal name Cox David
9 (RLIN) 733
700 1# - ΠΡΟΣΘΕΤΗ ΑΝΑΓΡΑΦΗ--ΦΥΣΙΚΟ ΠΡΟΣΩΠΟ
Personal name Fardon Michael
9 (RLIN) 740
942 ## - ADDED ENTRY ELEMENTS (KOHA)
Koha item type Books
Holdings
Τύπος τεκμηρίου Βιβλιοθήκη Τρέχουσα τοποθεσία Barcode Αριθμός εισαγωγής Ημερομηνία απόκτησης Ταξιθετικό σύμβολο Αριθμός αντιτύπου Κατάσταση απόσυρσης Κατάσταση χαμένου Κατάσταση κατεστραμμένου Μη δανεισμός Σύνολο δανεισμών Ημερομηνία τελευταίας εμφάνισης Η τιμή ισχύει από
Books MC Athens Campus Library MC Athens Campus Library 9780000005397 1154 05/06/2025 657 FAR 1           05/06/2025 05/06/2025

MC Athens Campus Library
Πατησίων 94 & Κοδριγκτώνος 13, 104 34
Πελλήνης 8 & Πατησίων 107, 112 51
Τ: +30 210 8899600

MC Thessaloniki Campus Library
Ίωνος Δραγούμη 21, 54625 | Ίωνος Δραγούμη 15, 54625
Τ: +30 2310 287779 – Τ: +30 2314 440300